Out of this world : To forbidden Tibet

保存先:
書誌詳細
第一著者: Thomas, Lowell
フォーマット: 図書
言語:Undetermined
出版事項: New York Avon 1954
主題:
タグ: タグ追加
タグなし, このレコードへの初めてのタグを付けませんか!
Thư viện lưu trữ: Trung tâm Học liệu Trường Đại học Cần Thơ
LEADER 00518nam a2200205Ia 4500
001 CTU_90001
008 210402s9999 xx 000 0 und d
082 |a 915.1 
082 |b T454 
100 |a Thomas, Lowell 
245 0 |a Out of this world : 
245 0 |b To forbidden Tibet 
245 0 |c Lowell Thomas 
260 |a New York 
260 |b Avon 
260 |c 1954 
650 |a China 
650 |x Description and travel 
904 |i Nguyên,Hải 
980 |a Trung tâm Học liệu Trường Đại học Cần Thơ